The word study New Testament : (Record no. 599)
[ view plain ]
| 000 -LEADER | |
|---|---|
| fixed length control field | 01028cam a2200277 a 4500 |
| 001 - CONTROL NUMBER | |
| control field | 88685 |
| 003 - CONTROL NUMBER IDENTIFIER | |
| control field | GBCCL |
| 005 - DATE AND TIME OF LATEST TRANSACTION | |
| control field | 20241126110341.0 |
| 008 - FIXED-LENGTH DATA ELEMENTS--GENERAL INFORMATION | |
| fixed length control field | 790427s1978 ilu 001 0 eng d |
| 010 ## - | |
| -- | 78-68102 |
| 020 ## - INTERNATIONAL STANDARD BOOK NUMBER | |
| International Standard Book Number | 0842383905 |
| 035 ## - SYSTEM CONTROL NUMBER | |
| System control number | (OCoLC)ocm04904153 |
| 040 ## - CATALOGING SOURCE | |
| Original cataloging agency | PKT |
| Transcribing agency | PKT |
| Modifying agency | OCL |
| 049 ## - | |
| -- | LBBN |
| -- | LBBA |
| 082 0# - DEWEY DECIMAL CLASSIFICATION NUMBER | |
| Classification number | 225.4047 |
| Item number | WOR |
| 090 ## - LOCALLY ASSIGNED LC-TYPE CALL NUMBER (OCLC); LOCAL CALL NUMBER (RLIN) | |
| Classification number (OCLC) (R) ; Classification number, CALL (RLIN) (NR) | BS2085 1978 |
| Local cutter number (OCLC) ; Book number/undivided call number, CALL (RLIN) | .P37 |
| 130 0# - | |
| -- | Bible. |
| -- | N.T. |
| -- | English. |
| -- | Authorized. |
| -- | 1978. |
| -- | 17346 |
| 245 14 - TITLE STATEMENT | |
| Title | The word study New Testament : |
| Remainder of title | containing the numbering system to the Word Study concordance and the Key number index to standard reference works : based on the Authorized version of the Holy Bible / |
| Statement of responsibility, etc. | edited by Ralph D. Winter and Roberta H. Winter. |
| 260 ## - PUBLICATION, DISTRIBUTION, ETC. | |
| Place of publication, distribution, etc. | Wheaton, Ill. : |
| Name of publisher, distributor, etc. | Tyndale House Publishers, |
| Date of publication, distribution, etc. | c1978. |
| 300 ## - PHYSICAL DESCRIPTION | |
| Extent | viii, 840 p. ; |
| Dimensions | 24 cmm. |
| 500 ## - GENERAL NOTE | |
| General note | Includes index. |
| 700 1# - ADDED ENTRY--PERSONAL NAME | |
| Personal name | Winter, Ralph D. |
| 9 (RLIN) | 3801 |
| 700 1# - ADDED ENTRY--PERSONAL NAME | |
| Personal name | Winter, Roberta H. |
| 9 (RLIN) | 17347 |
| 700 1# - ADDED ENTRY--PERSONAL NAME | |
| Personal name | Wigram, George V. |
| Title of a work | The word study concordance. |
| 9 (RLIN) | 17348 |
| 942 ## - ADDED ENTRY ELEMENTS (KOHA) | |
| Source of classification or shelving scheme | Dewey Decimal Classification |
| Koha item type | Reference Books |
| Koha issues (borrowed), all copies | 1 |
| Withdrawn status | Lost status | Source of classification or shelving scheme | Damaged status | Not for loan | Home library | Current Library | Shelving location | Date acquired | Total checkouts | Full call number | Barcode | Date last seen | Copy number | Price effective from | Koha item type | Date last checked out |
|---|---|---|---|---|---|---|---|---|---|---|---|---|---|---|---|---|
| Dewey Decimal Classification | GRACE BIBLE COLLEGE | GRACE BIBLE COLLEGE | Bible | 2016-11-22 | 225.4047 WOR | 000062 | 2026-01-27 | c.1 | 2016-11-22 | Reference Books | ||||||
| Dewey Decimal Classification | GRACE BIBLE COLLEGE | GRACE BIBLE COLLEGE | Bible | 2017-04-06 | 1 | 225.4047 WOR | 010108 | 2025-05-01 | c.2 | 2017-04-06 | Reference Books | 2018-04-05 |